01877na a2200433 450000100060000000300080000600500170001400800410003103500100007204000250008204100080010708200280011509000190014310000520016224000360021424501000025024600450035026000220039530000410041744000740045850000560053260000980058860000920068661000460077861000780082461000880090265100430099065700250103365700420105865700320110065700300113265700470116274000450120983000370125483000230129194200130131495201010132799900150142819720MIRAKIL20181213155132.0161226b tu 000 0  a19720 aMilasbturcTR-AnCHP atur aCHP 324.2372bK44y 2015 aBROŞÜR 161 aKılıçdaroğlu, KemalcCHP Genel Başkanı aYaşanacak bir Türkiyef2015 aYaşanacak bir Türkiyebsporla ilgili sorunları sıfırlıyoruzc[Kemal Kılıçdaroğlu] aSporla ilgili sorunları sıfırlıyoruz aAnkarabCHPc2015 aktl. broşürbrnkl. fotg.c20 sm. aCumhuriyet Halk Partisi yayınlarıpYaşanacak bir Türkiye dizisi aBaşka yapıt adı: Gelin oy verin sıfırlayalım aKılıçdaroğlu, KemalxPropaganda ve ideolojilerySpor politikasıyTürkiye Spor Koneyi aKılıçdaroğlu, KemalcCHP Genel BaşkanıxSeçim kampanyaları, 2015ySporcular aCHPxSpor sorunuyÇözüm önerileri aCHPxSeçim kampanyaları, 2015ySpor politikasıyTürkiye Spor Koneyi aCHPxPropaganda ve ideolojileryKılıçdaroğlu dönemiyGenel seçimler, 2015 aTürkiyexSiyaset ve yönetimy2015- aCHP spor politikası aYaşanacak bir Türkiye kampanyası aCHP seçim propagandaları aCHP seçim kampanyaları aGelin oy verin sıfırlayalım kampanyası aSporla ilgili sorunları sıfırlıyoruz aYaşanacak bir Türkiye dizisi aCHP broşürleri 2ddccBKS a0001b0001d2016-12-26e2l0oBROŞÜR 161p011253r2016-12-26 00:00:00v0.00w2016-12-26yBKS c7252d7252